| 000 | 00660nam a2200253Ia 4500 | ||
|---|---|---|---|
| 003 | OSt | ||
| 005 | 20221005093951.0 | ||
| 006 | a|||||r|||| 00| 0 | ||
| 007 | ta | ||
| 008 | 221004b |||||||| |||| 00| 0 eng d | ||
| 020 | _a0631220313 | ||
| 024 | _a75977 | ||
| 037 | _cTextual | ||
| 040 |
_aCRL _cCRL _beng |
||
| 041 |
_2eng _aeng |
||
| 082 | _aW0gU, P3 | ||
| 100 |
_aAgnew John Ed. _9618825 |
||
| 245 | 0 | _aCompanion to political georaphy | |
| 260 |
_aOxford _bBlackwell Publishing USA _c2003 |
||
| 300 |
_a494p. _ccm. |
||
| 650 | _aPOLITICAL SCIENCE | ||
| 942 |
_hW0gU, P3 _cTEXL _2cc |
||
| 999 |
_c1001190 _d1001190 |
||